Перейти до змісту

Нормативно-правовые и организационные методы обеспечения информационной безопасности при разработке устройств, использующих средства криптозащиты учебное пособие для вузов

Учебное пособие подготовлено на кафедре технической кибернетики и автоматического регулирования факультета прикладной математики, информатики и механики Воронежского государственного университета. Рекомендуется для студентов 4-го курса дневного отделения, 4-го курса вечернего отделения и для магистр...

Повний опис

Збережено в:
Бібліографічні деталі
Формат: Книга
Мова:Russian
Опубліковано: Воронеж ВГУ 2011
Онлайн доступ:https://e.lanbook.com/book/357131
https://e.lanbook.com/img/cover/book/357131.jpg
Теги: Додати тег
Немає тегів, Будьте першим, хто поставить тег для цього запису!
LEADER 01655nam0a2200229 i 4500
001 357131
003 RuSpLAN
005 20240216150947.0
008 240216s2011 ru gs 000 0 rus
040 |a RuSpLAN 
041 0 |a rus 
044 |a ru 
245 0 0 |a Нормативно-правовые и организационные методы обеспечения информационной безопасности при разработке устройств, использующих средства криптозащиты  |b учебное пособие для вузов 
260 |a Воронеж  |b ВГУ  |c 2011 
300 |a 136 с. 
504 |a Библиогр.: доступна в карточке книги, на сайте ЭБС Лань 
520 8 |a Учебное пособие подготовлено на кафедре технической кибернетики и автоматического регулирования факультета прикладной математики, информатики и механики Воронежского государственного университета. Рекомендуется для студентов 4-го курса дневного отделения, 4-го курса вечернего отделения и для магистров 5-го курса дневного отделения. 
521 8 |a Книга из коллекции ВГУ - Информатика 
521 8 |a СЭБ 
856 4 |u https://e.lanbook.com/book/357131 
856 4 8 |u https://e.lanbook.com/img/cover/book/357131.jpg 
953 |a https://e.lanbook.com/img/cover/book/357131.jpg